Normal view
MARC view
- Adaptation (Physiology)
Entry Topical Term
001 - CONTROL NUMBER
- control field: 103523
003 - CONTROL NUMBER IDENTIFIER
- control field: NUST
005 - DATE AND TIME OF LATEST TRANSACTION
- control field: 20221124140657.0
008 - FIXED-LENGTH DATA ELEMENTS
- fixed length control field: 221124|| aca||aabn | a|a d
040 ## - CATALOGING SOURCE
- Original cataloging agency: NUST
- Transcribing agency: NUST
150 ## - HEADING--TOPICAL TERM
- Topical term or geographic name entry element: Adaptation (Physiology)
670 ## - SOURCE DATA FOUND
- Source citation: Work cat.: (NUST)181559: Blumberg,Avrom 103522, Form and function:Natural science in a technological society / , McGraw-hill
